[Event "DSOL 2021"]
[Site "Germany"]
[Date "2021.03.25"]
[Round "7.3"]
[White "Striebeck, Enno"]
[Black "Haack, Kevin"]
[Result "0-1"]
[WhiteElo "1697"]
[BlackElo "1810"]
[Annotator "NA RC"]
[PlyCount "60"]
[EventDate "2021.01.18"]
[EventType "team-tourn"]
[EventCountry "GER"]
[SourceTitle "playchess.com"]
[Source "ChessBase"]
[SourceQuality "1"]

1. e4 c5 2. Nf3 d6 3. Bb5+ Nd7 4. O-O a6 5. Be2 Ngf6 6. Nc3 b5 7. d4 cxd4 8. Nxd4 Bb7 9. f3 g6 10. Be3 Bg7 11. a4 b4 12. Na2 d5 13. Nxb4 dxe4 14. fxe4 Qc8 15. Bd3 Nxe4 16. Bxe4 Bxe4 17. Qg4 f5 18. Nxf5 Bxf5 19. Rxf5 Nf6 20. Qe2 Qxf5 21. Rf1 Qg4 22. Qe1 O-O 23. Rf4 Qd7 24. Rd4 Qb7 25. c3 Rad8 26. Rh4 a5 27. Nc2 Qxb2 28. Nd4 Nd5 29. Bh6 Bxh6 30. Rxh6 Ne3 0-1

[Event "DSOL 2021"]
[Site "Germany"]
[Date "2021.03.24"]
[Round "7.3"]
[White "Weidner, Markus"]
[Black "Gambit"]
[Result "1/2-1/2"]
[WhiteElo "1667"]
[BlackElo "1675"]
[Annotator "NA RC"]
[PlyCount "63"]
[EventDate "2021.01.18"]
[EventType "team-tourn"]
[EventCountry "GER"]
[SourceTitle "playchess.com"]
[Source "ChessBase"]
[SourceQuality "1"]

1. e4 d5 2. exd5 Nf6 3. Nc3 Nxd5 4. Nxd5 Qxd5 5. Nf3 Bg4 6. Be2 Nc6 7. h3 Bh5 8. O-O e5 9. Nxe5 Bxe2 10. Qxe2 Nxe5 11. f4 Bc5+ 12. Kh1 f6 13. fxe5 Qxe5 14. Qxe5+ fxe5 15. d3 Rf8 16. Bg5 Kd7 17. Bh4 Rxf1+ 18. Rxf1 Rf8 19. Rxf8 Bxf8 20. g4 c6 21. Kg2 Ke6 22. Kf3 g6 23. Ke4 Bg7 24. Bf2 a6 25. a4 b5 26. axb5 axb5 27. Bc5 Bf6 28. b3 Bd8 29. c4 h5 30. gxh5 gxh5 31. Be3 Be7 32. Bd2 1/2-1/2

[Event "DSOL 2021"]
[Site "Germany"]
[Date "2021.03.24"]
[Round "7.3"]
[White "Wagner, Bernd"]
[Black "Eichhorn, Robin"]
[Result "1-0"]
[WhiteElo "1659"]
[BlackElo "1475"]
[Annotator "NA RC"]
[PlyCount "91"]
[EventDate "2021.01.18"]
[EventType "team-tourn"]
[EventCountry "GER"]
[SourceTitle "playchess.com"]
[Source "ChessBase"]
[SourceQuality "1"]

1. d4 Nf6 2. c4 d6 3. Nc3 g6 4. e4 Bg7 5. Bg5 h6 6. Bh4 Nbd7 7. f4 c5 8. d5 O-O 9. Nf3 Re8 10. Bd3 Qb6 11. Qd2 Nf8 12. O-O Bg4 13. Rae1 Kh7 14. e5 N6d7 15. Bg3 Bxf3 16. Rxf3 f5 17. Kh1 a6 18. Rfe3 Rad8 19. Qc2 Kh8 20. Bh4 dxe5 21. fxe5 g5 22. Bf2 f4 23. Re4 e6 24. d6 Nxe5 25. h4 Qxd6 26. Be2 Nh7 27. Rd1 Qc7 28. Bh5 Rxd1+ 29. Qxd1 Rd8 30. Qe2 b6 31. hxg5 hxg5 32. g3 Rf8 33. gxf4 gxf4 34. Bh4 f3 35. Qh2 Qc6 36. Bg3 Nd3 37. Bg6 Bh6 38. Qxh6 Qd7 39. Rh4 Qg7 40. Qg5 f2 41. Bxf2 Nxf2+ 42. Kg2 Qb7+ 43. Kg1 Rf5 44. Qd8+ Kg7 45. Rxh7+ Kxg6 46. Rxb7 1-0

[Event "DSOL 2021"]
[Site "Germany"]
[Date "2021.03.26"]
[Round "7.3"]
[White "Sabirov, Rafael"]
[Black "Lapin, Oleg"]
[Result "1-0"]
[WhiteElo "1635"]
[BlackElo "1832"]
[Annotator "NA"]
[PlyCount "79"]
[EventDate "2021.01.18"]
[EventType "team-tourn"]
[EventCountry "GER"]
[SourceTitle "playchess.com"]
[Source "ChessBase"]
[SourceQuality "1"]
[WhiteTeam "SG Porz II"]
[BlackTeam "SK Rochade Augsburg"]

1. e4 c5 2. Nc3 e5 3. Bc4 Nc6 4. Nf3 h6 5. d3 d6 6. O-O Nf6 7. Nd2 g5 8. Nd5 Bg7 9. c3 O-O 10. Ne3 Ne7 11. Qb3 a6 12. a4 Qa5 13. Qa2 Bd7 14. Nb3 Qc7 15. a5 Bc6 16. Nd2 Rad8 17. Rb1 d5 18. exd5 Nfxd5 19. Ne4 Nf4 20. Qa3 Bxe4 21. dxe4 Qc6 22. f3 Kh7 23. b4 cxb4 24. Qxb4 Rd7 25. g3 Ne6 26. Nd5 Nxd5 27. Bxd5 Qc5+ 28. Qxc5 Nxc5 29. Be3 Rc8 30. c4 Bf8 31. Rf2 Rcc7 32. Rfb2 Kg7 33. Kg2 Kg6 34. Bxc5 Rxc5 35. Rxb7 Rxb7 36. Rxb7 f6 37. Ra7 Rxa5 38. g4 h5 39. Be6 Kh6 40. gxh5 1-0

[Event "DSOL 2021"]
[Site "Germany"]
[Date "2021.03.25"]
[Round "7.3"]
[White "Schweer, Paul"]
[Black "Fuchs, Michael"]
[Result "0-1"]
[WhiteElo "1635"]
[BlackElo "1365"]
[Annotator "NA RC"]
[PlyCount "72"]
[EventDate "2021.01.18"]
[EventType "team-tourn"]
[EventCountry "GER"]
[SourceTitle "playchess.com"]
[Source "ChessBase"]
[SourceQuality "1"]

1. c4 e5 2. g3 Nf6 3. Bg2 c6 4. d4 Bb4+ 5. Bd2 Bd6 6. Nc3 exd4 7. Na4 c5 8. Nf3 Nc6 9. O-O h6 10. e3 O-O 11. Bc1 Qc7 12. exd4 cxd4 13. Nxd4 Nxd4 14. Qxd4 Be5 15. Qc5 Bd6 16. Qxc7 Bxc7 17. Nc5 Rb8 18. Be3 b6 19. Nd3 Ba6 20. Nb4 Bb7 21. Bh3 a5 22. Nd3 Be4 23. Nf4 Bc6 24. Rfd1 Rbd8 25. Bg2 Rfe8 26. Nd5 Nxd5 27. Bxd5 g5 28. Rd2 Bxd5 29. Rxd5 Re6 30. Rad1 d6 31. Rb5 Rb8 32. a3 f6 33. b4 axb4 34. axb4 Kf7 35. c5 bxc5 36. bxc5 Rxb5 0-1

[Event "DSOL 2021"]
[Site "Germany"]
[Date "2021.03.22"]
[Round "7.3"]
[White "Schmidt, Dennis"]
[Black "Fehling, Michael"]
[Result "1/2-1/2"]
[WhiteElo "1620"]
[BlackElo "1864"]
[Annotator "NA RC"]
[PlyCount "92"]
[EventDate "2021.01.18"]
[EventType "team-tourn"]
[EventCountry "GER"]
[SourceTitle "playchess.com"]
[Source "ChessBase"]
[SourceQuality "1"]

1. e4 c5 2. Nf3 d6 3. Bb5+ Nc6 4. O-O Bd7 5. Re1 Nf6 6. c3 a6 7. Bf1 Bg4 8. d3 g6 9. Nbd2 Bg7 10. h3 Bxf3 11. Nxf3 O-O 12. Nh2 Qc7 13. f4 b5 14. Nf3 b4 15. c4 Nd7 16. Qe2 Nd4 17. Nxd4 Bxd4+ 18. Be3 Bxe3+ 19. Qxe3 Nb8 20. d4 cxd4 21. Qxd4 Nc6 22. Qe3 e5 23. f5 Nd4 24. Bd3 f6 25. Rac1 Kg7 26. fxg6 hxg6 27. Rf1 Qc5 28. Kh2 Ne6 29. Rf3 Rh8 30. Rcf1 Nf4 31. Qd2 a5 32. Qd1 Kf7 33. Bc2 Ke7 34. Ba4 g5 35. Rxf4 exf4 36. e5 fxe5 37. Qg4 Kf6 38. Bd7 Rag8 39. Qe6+ Kg7 40. Qe7+ Kg6 41. Rd1 Kh5 42. Rxd6 Qe3 43. Bg4+ Kh4 44. Qf6 Qg3+ 45. Kh1 Qe1+ 46. Kh2 Qg3+ 1/2-1/2

[Event "DSOL 2021"]
[Site "Germany"]
[Date "2021.03.26"]
[Round "7.3"]
[White "Schramm, Fynn"]
[Black "Abraham, Ingo"]
[Result "0-1"]
[WhiteElo "1620"]
[BlackElo "2225"]
[Annotator "TA"]
[PlyCount "66"]
[EventDate "2021.01.18"]
[EventType "team-tourn"]
[EventCountry "GER"]
[SourceTitle "playchess.com"]
[Source "ChessBase"]
[SourceQuality "1"]
[WhiteTeam "SC Wrist-Kellinghusen"]
[BlackTeam "SC Weisse Dame"]

1. e4 c5 2. Nf3 e6 3. d4 cxd4 4. Nxd4 Nc6 5. Nc3 a6 6. Be2 Qc7 7. Be3 Nf6 8. a3 d6 9. Qd2 Be7 10. O-O-O Ne5 11. f4 Nc4 12. Bxc4 Qxc4 13. Qe2 Qxe2 14. Ndxe2 b5 15. h3 Bb7 16. Ng3 h5 17. e5 dxe5 18. fxe5 Nd7 19. Nge4 Nxe5 20. Bd4 Nd7 21. Bxg7 Rg8 22. Bh6 Rxg2 23. Rhg1 Rxg1 24. Rxg1 O-O-O 25. Rg7 Bf8 26. Rh7 Bxh6+ 27. Rxh6 Ne5 28. Rxh5 Nf3 29. Nc5 Rg8 30. Rh7 Ng5 31. Rh6 Bc6 32. h4 Nf3 33. Rg6 fxg6 0-1

[Event "DSOL 2021"]
[Site "Germany"]
[Date "2021.03.24"]
[Round "7.3"]
[White "Tsarigradski, Nikola"]
[Black "Schmitzer, Klaus"]
[Result "1/2-1/2"]
[WhiteElo "1620"]
[BlackElo "1566"]
[Annotator "NA RC"]
[PlyCount "90"]
[EventDate "2021.01.18"]
[EventType "team-tourn"]
[EventCountry "GER"]
[SourceTitle "playchess.com"]
[Source "ChessBase"]
[SourceQuality "1"]

1. e4 c6 2. d4 d5 3. Nc3 dxe4 4. Nxe4 Nf6 5. Nxf6+ gxf6 6. Nf3 Bg4 7. Be2 e6 8. O-O Qc7 9. h3 Bh5 10. Qd3 Nd7 11. c3 O-O-O 12. Re1 Bd6 13. Kh1 Kb8 14. Bh6 Rhg8 15. Qe4 Bg6 16. Qh4 e5 17. Rad1 e4 18. Nd2 Rde8 19. Nc4 Ka8 20. Bg4 f5 21. Nxd6 Qxd6 22. Be2 Qf6 23. Qxf6 Nxf6 24. Bg5 Nd7 25. d5 cxd5 26. Rxd5 Nb6 27. Rd6 Re6 28. Red1 Rxd6 29. Rxd6 Na4 30. h4 h5 31. Rd2 Nc5 32. Be3 Ne6 33. Rd7 f4 34. Bd4 Rd8 35. Rxd8+ Nxd8 36. Be5 Ne6 37. Bc4 Nc5 38. Bxf4 Nd3 39. Bxd3 exd3 40. Kh2 b5 41. Kg3 Kb7 42. f3 Kc6 43. Kf2 Bf5 44. Ke3 Kd5 45. Bg5 a6 1/2-1/2

[Event "DSOL 2021"]
[Site "Germany"]
[Date "2021.03.23"]
[Round "7.3"]
[White "Robinho"]
[Black "Dzierzenga, Stefan"]
[Result "0-1"]
[WhiteElo "1592"]
[BlackElo "2200"]
[Annotator "TA"]
[PlyCount "158"]
[EventDate "2021.01.18"]
[EventType "team-tourn"]
[EventCountry "GER"]
[SourceTitle "playchess.com"]
[Source "ChessBase"]
[SourceQuality "1"]

1. e4 e6 2. d4 d5 3. exd5 exd5 4. Nf3 Nc6 5. c3 Bd6 6. Bd3 Nge7 7. O-O Bf5 8. Bxf5 Nxf5 9. Re1+ Nfe7 10. Be3 O-O 11. Nbd2 f6 12. a4 Qd7 13. Qc2 Rfe8 14. Re2 Qf5 15. Qxf5 Nxf5 16. Rae1 Kf7 17. b4 g5 18. g4 Nh6 19. h3 Ng8 20. Kg2 Nge7 21. h4 h6 22. hxg5 hxg5 23. Rh1 Rh8 24. Ree1 Ng6 25. Nb3 b6 26. Rxh8 Rxh8 27. b5 Nb8 28. a5 Nh4+ 29. Nxh4 Rxh4 30. Kf3 Rh3+ 31. Kg2 Rh4 32. Kf3 Rh3+ 33. Ke2 Rh4 34. f3 Rh2+ 35. Bf2 Nd7 36. a6 Nf8 37. Nc1 Ne6 38. Nd3 Nf4+ 39. Nxf4 Bxf4 40. Rf1 Ke6 41. Kd3 Kd6 42. c4 dxc4+ 43. Kxc4 Rh3 44. Be1 Rh2 45. Bb4+ Kd7 46. Re1 Bd6 47. Bc3 Bg3 48. Re3 Bf4 49. Rd3 Re2 50. d5 Be5 51. Bxe5 Rxe5 52. Kd4 Kd6 53. Rc3 Rxd5+ 54. Ke4 Re5+ 55. Kd4 Rxb5 56. Ke4 Re5+ 57. Kd4 Ra5 58. Ke4 Re5+ 59. Kd4 c5+ 60. Kc4 Kc6 61. Rd3 b5+ 62. Kc3 Re6 63. Kc2 Kb6 64. Ra3 b4 65. Ra1 c4 66. Kd2 Kb5 67. Rf1 Rxa6 68. f4 Rd6+ 69. Kc2 Rd5 70. fxg5 Rxg5 71. Rf4 a5 72. Kb1 c3 73. Kc2 Ka4 74. Kb1 Kb3 75. Kc1 a4 76. Kb1 Re5 77. Rf1 Re4 78. Rg1 Rd4 79. g5 fxg5 0-1

[Event "DSOL 2021"]
[Site "Germany"]
[Date "2021.03.25"]
[Round "7.3"]
[White "Kasims, Stefans"]
[Black "Kull, Florian"]
[Result "1-0"]
[WhiteElo "1590"]
[BlackElo "2134"]
[Annotator "TA"]
[PlyCount "125"]
[EventDate "2021.01.18"]
[EventType "team-tourn"]
[EventCountry "GER"]
[SourceTitle "playchess.com"]
[Source "ChessBase"]
[SourceQuality "1"]

1. c4 Nf6 2. Nc3 e6 3. e4 c5 4. e5 Ng8 5. Nf3 Nc6 6. d4 cxd4 7. Nb5 d6 8. Bg5 f6 9. exd6 Bxd6 10. Nfxd4 Nxd4 11. Qxd4 Be5 12. Qxd8+ Kxd8 13. O-O-O+ Bd7 14. Be3 a6 15. Nd6 Bxd6 16. Rxd6 Kc7 17. Rd2 Bc6 18. Be2 Ne7 19. Rhd1 Nf5 20. Bc5 b6 21. Ba3 e5 22. Bg4 Nd4 23. f4 h5 24. fxe5 fxe5 25. Bf3 Bxf3 26. gxf3 g5 27. b3 Rad8 28. Be7 Rd7 29. Bxg5 Rf7 30. f4 Nf3 31. Rd6 exf4 32. Bd8+ Kb7 33. Rxb6+ Ka7 34. c5 Ne5 35. Bh4 Nd7 36. Rc6 Kb7 37. Rdd6 Re8 38. b4 Re2 39. Rxa6 Rg7 40. Rxd7+ Rxd7 41. c6+ Kc7 42. cxd7 Kxd7 43. Rf6 Rxh2 44. Rxf4 Rxa2 45. Be1 Rh2 46. Rh4 Re2 47. Kd1 Re5 48. Bc3 Rd5+ 49. Kc2 Kc6 50. Kb3 Kb5 51. Bd4 Rf5 52. Bc5 Rf3+ 53. Kc2 Rf5 54. Kd3 Re5 55. Kd4 Rf5 56. Ke4 Rg5 57. Kf4 Rd5 58. Rh3 Kc4 59. Kg3 Kd3 60. Kh4+ Ke4 61. Re3+ Kf4 62. Re7 Rf5 63. Rh7 1-0

[Event "DSOL 2021"]
[Site "Germany"]
[Date "2021.03.26"]
[Round "7.3"]
[White "Muntzke, Bernd"]
[Black "Eggenstein, Frank"]
[Result "0-1"]
[WhiteElo "1588"]
[BlackElo "2001"]
[Annotator "TA"]
[PlyCount "56"]
[EventDate "2021.01.18"]
[EventType "team-tourn"]
[EventCountry "GER"]
[SourceTitle "playchess.com"]
[Source "ChessBase"]
[SourceQuality "1"]
[WhiteTeam "TSV Willsbach"]
[BlackTeam "Eckernförder SC I"]

1. d4 d5 2. c4 c6 3. Nc3 Nf6 4. e3 Bf5 5. Nf3 e6 6. Bd3 Bg6 7. a3 a5 8. O-O Bd6 9. Ne5 Bxd3 10. Qxd3 Bxe5 11. dxe5 Nfd7 12. f4 Nc5 13. Qe2 Nbd7 14. Bd2 Qb6 15. b4 Nb3 16. Rab1 dxc4 17. Ne4 O-O 18. bxa5 Qa6 19. Bc3 Ndc5 20. Nxc5 Nxc5 21. Bb4 Nd3 22. Bxf8 Rxf8 23. Qd2 Rd8 24. Qc3 Rd5 25. Rb6 Qa7 26. Rfb1 g6 27. Rxb7 Qxe3+ 28. Kh1 Nf2+ 0-1

[Event "DSOL 2021"]
[Site "Germany"]
[Date "2021.03.23"]
[Round "7.3"]
[White "Kautz, Thomas"]
[Black "Zilkens, Martin"]
[Result "1-0"]
[WhiteElo "1571"]
[BlackElo "1927"]
[Annotator "TA"]
[PlyCount "101"]
[EventDate "2021.01.18"]
[EventType "team-tourn"]
[EventCountry "GER"]
[SourceTitle "playchess.com"]
[Source "ChessBase"]
[SourceQuality "1"]

1. d4 d5 2. Nf3 e6 3. c4 c6 4. Nc3 f5 5. Bf4 Nf6 6. e3 Be7 7. Be2 O-O 8. O-O Ne4 9. h3 Nd7 10. Ne5 Nxe5 11. Bxe5 Bd6 12. f3 Nxc3 13. bxc3 Bxe5 14. dxe5 Bd7 15. f4 Kh8 16. Rb1 b6 17. cxd5 cxd5 18. c4 Bc6 19. cxd5 Bxd5 20. Bf3 Bxf3 21. Rxf3 Qxd1+ 22. Rxd1 Rfd8 23. Rxd8+ Rxd8 24. Rf2 Kg8 25. Rc2 Rd7 26. Kf2 Kf7 27. Kf3 Ke7 28. g4 g6 29. Rc3 Kd8 30. gxf5 gxf5 31. e4 Rd2 32. a3 Kd7 33. exf5 exf5 34. Kg3 Rd4 35. Kf3 b5 36. Ke3 Re4+ 37. Kf3 Rd4 38. Kg3 a5 39. Rf3 b4 40. axb4 Rxb4 41. Kh4 a4 42. Rd3+ Ke7 43. Kg5 Rb3 44. Rd4 a3 45. Kxf5 Rxh3 46. Ra4 h5 47. Ra7+ Kd8 48. Kf6 Rb3 49. e6 h4 50. e7+ Ke8 51. Ra8+ 1-0

[Event "DSOL 2021"]
[Site "Germany"]
[Date "2021.03.24"]
[Round "7.3"]
[White "Busley, Tim"]
[Black "Baumueller, Steffen"]
[Result "1-0"]
[WhiteElo "1531"]
[BlackElo "1682"]
[Annotator "NA RC"]
[PlyCount "61"]
[EventDate "2021.01.18"]
[EventType "team-tourn"]
[EventCountry "GER"]
[SourceTitle "playchess.com"]
[Source "ChessBase"]
[SourceQuality "1"]

1. d4 Nf6 2. c4 c5 3. d5 e6 4. Nc3 exd5 5. cxd5 d6 6. e4 g6 7. Bd3 Bg7 8. h3 a6 9. a4 O-O 10. Nf3 Re8 11. O-O Nbd7 12. Bf4 Qc7 13. Re1 b6 14. Rc1 c4 15. Bf1 Rb8 16. Bxc4 Qxc4 17. Bxd6 Bb7 18. b3 Qc8 19. e5 Qd8 20. exf6 Nxf6 21. Bxb8 Qxb8 22. Rxe8+ Qxe8 23. d6 Qd7 24. Ne5 Qe6 25. d7 Nxd7 26. Nxd7 Qc6 27. Qd5 Bxc3 28. Qxc6 Bxc6 29. Nxb6 Bd4 30. Rxc6 h5 31. Nc4 1-0

[Event "DSOL 2021"]
[Site "Germany"]
[Date "2021.03.23"]
[Round "7.3"]
[White "Kammer, Fabian"]
[Black "Broksch, Dirk"]
[Result "0-1"]
[WhiteElo "1459"]
[BlackElo "1872"]
[Annotator "NA RC"]
[PlyCount "105"]
[EventDate "2021.01.18"]
[EventType "team-tourn"]
[EventCountry "GER"]
[SourceTitle "playchess.com"]
[Source "ChessBase"]
[SourceQuality "1"]

1. e4 e5 2. Nf3 Nc6 3. Nc3 Bd6 4. d4 exd4 5. Nxd4 Nf6 6. Bg5 h6 7. Bh4 Bb4 8. Nxc6 bxc6 9. Qf3 g5 10. Bg3 Qe7 11. Bd3 d6 12. h3 Bb7 13. O-O O-O 14. Rfe1 Nd7 15. a3 Ba5 16. b4 Bb6 17. Qh5 Qf6 18. Na4 Bd4 19. Rab1 Nb6 20. Nxb6 axb6 21. Rb3 Rfe8 22. h4 Ba6 23. Bxa6 Rxa6 24. Rf3 Qg7 25. Rf5 Rxa3 26. hxg5 Rxg3 27. Kh2 Rxg5 28. Rxg5 Qxg5 29. Qxg5+ hxg5 30. f3 Kg7 31. Rd1 c5 32. bxc5 bxc5 33. Rd3 Bf2 34. g3 Bd4 35. Rb3 Kf6 36. Rb7 Rc8 37. Kh3 Ke6 38. Kg4 f6 39. f4 gxf4 40. gxf4 Rg8+ 41. Kf3 Rg7 42. Rb8 Kd7 43. Rb3 Kc6 44. c3 Bg1 45. Rb1 c4 46. Re1 Bb6 47. e5 fxe5 48. fxe5 Re7 49. Kf4 Rxe5 50. Rxe5 dxe5+ 51. Kxe5 Kb5 52. Kd5 c6+ 53. Ke4 0-1

[Event "DSOL 2021"]
[Site "Germany"]
[Date "2021.03.26"]
[Round "7.3"]
[White "Knezevic, Stefan S"]
[Black "Noreisch, Reiner"]
[Result "1-0"]
[WhiteElo "1326"]
[BlackElo "1719"]
[Annotator "NA"]
[PlyCount "117"]
[EventDate "2021.01.18"]
[EventType "team-tourn"]
[EventCountry "GER"]
[SourceTitle "playchess.com"]
[Source "ChessBase"]
[SourceQuality "1"]
[WhiteTeam "SG Solingen I"]
[BlackTeam "Lübecker SV"]

1. e4 d6 2. d4 Nf6 3. Nc3 Nbd7 4. Nf3 e5 5. Bc4 h6 6. a4 c6 7. h3 Be7 8. Be3 Qc7 9. Ba2 a5 10. Qd2 b6 11. O-O-O Bb7 12. Ne1 Rf8 13. f4 exd4 14. Bxd4 O-O-O 15. Qe2 Ne8 16. Nd3 f6 17. Bf2 Ba6 18. Rhe1 Nc5 19. Qg4+ f5 20. exf5 Nxd3+ 21. cxd3 Bf6 22. Be6+ Kb8 23. Qf3 d5 24. Ne2 b5 25. Qe3 d4 26. Qf3 bxa4 27. Rd2 Bb7 28. Bg3 c5 29. Qf2 Ba6 30. Ng1 c4 31. dxc4 Nd6 32. Nf3 Nxc4 33. Bxc4 Qxc4+ 34. Rc2 Qa2 35. Ne5 Rc8 36. Nc6+ Ka8 37. Qf3 Bb7 38. Re6 d3 39. Qxd3 Rxc6 40. Rexc6 Bxc6 41. Qa6+ Kb8 42. Qxc6 Qa1+ 43. Kd2 Rd8+ 44. Ke2 Qd1+ 45. Ke3 Bd4+ 46. Ke4 Be5 47. Qb6+ Ka8 48. Qxa5+ Kb8 49. Qxe5+ Kb7 50. Qc7+ Ka8 51. Qc6+ Kb8 52. Qb5+ Ka8 53. Qxa4+ Kb8 54. Qb5+ Ka8 55. Qa6+ Kb8 56. Qb6+ Ka8 57. Qc6+ Kb8 58. Bf2 Qd3+ 59. Ke5 1-0

[Event "DSOL 2021"]
[Site "Germany"]
[Date "2021.03.26"]
[Round "7.4"]
[White "Carlstedt, Jonathan"]
[Black "Schaefer, Konstantin"]
[Result "1-0"]
[WhiteElo "2451"]
[BlackElo "1754"]
[Annotator "TA"]
[PlyCount "55"]
[EventDate "2021.01.18"]
[EventType "team-tourn"]
[EventCountry "GER"]
[SourceTitle "playchess.com"]
[Source "ChessBase"]
[SourceQuality "1"]
[WhiteTeam "SV Werder Bremen I"]
[BlackTeam "SG Leipzig"]

1. d4 Nf6 2. Bg5 Ne4 3. h4 c5 4. d5 Qb6 5. Nd2 Nxd2 6. Bxd2 Qxb2 7. e4 Qe5 8. Bd3 c4 9. Nf3 Qc7 10. Be2 Na6 11. O-O Nc5 12. e5 b5 13. Re1 Bb7 14. Bf4 e6 15. d6 Qc6 16. Bf1 g6 17. Nd4 Qb6 18. Rb1 a6 19. Bxc4 Ne4 20. Qd3 Qc5 21. Bb3 Nc3 22. Ra1 Bg7 23. h5 gxh5 24. Qe3 Rc8 25. Bh6 Rg8 26. Qg5 f6 27. Qxh5+ Kf8 28. Bxe6 1-0

[Event "DSOL 2021"]
[Site "Germany"]
[Date "2021.03.22"]
[Round "7.4"]
[White "Vinogradov, Alexander"]
[Black "Grasser, Stefan"]
[Result "1-0"]
[WhiteElo "2415"]
[BlackElo "1660"]
[Annotator "TA"]
[PlyCount "47"]
[EventDate "2021.01.18"]
[EventType "team-tourn"]
[EventCountry "GER"]
[SourceTitle "playchess.com"]
[Source "ChessBase"]
[SourceQuality "1"]

1. e4 d5 2. exd5 Qxd5 3. Nc3 Qd6 4. Nf3 Nf6 5. Bc4 a6 6. Bb3 e6 7. d4 b5 8. O-O Bb7 9. Ne5 Be7 10. Bf4 Qd8 11. Re1 Nbd7 12. Qe2 O-O 13. Rad1 Nd5 14. Bxd5 Nxe5 15. Bxb7 Ra7 16. dxe5 Rxb7 17. Rxd8 Rxd8 18. Rd1 Rxd1+ 19. Qxd1 c5 20. h3 h6 21. Qg4 Kh7 22. Bg5 hxg5 23. Qe4+ Kh6 24. Qxb7 1-0

[Event "DSOL 2021"]
[Site "Germany"]
[Date "2021.03.23"]
[Round "7.4"]
[White "Koellner, Ruben Gideon"]
[Black "Mueller, Gerhard"]
[Result "1-0"]
[WhiteElo "2412"]
[BlackElo "2099"]
[Annotator "TA"]
[PlyCount "111"]
[EventDate "2021.01.18"]
[EventType "team-tourn"]
[EventCountry "GER"]
[SourceTitle "playchess.com"]
[Source "ChessBase"]
[SourceQuality "1"]

1. d4 d5 2. Bf4 Nf6 3. e3 c5 4. c3 Nc6 5. Nd2 Bf5 6. Qb3 Qb6 7. dxc5 Qxb3 8. axb3 e5 9. Bg3 Bxc5 10. b4 Bd6 11. Ngf3 Nd7 12. b5 Ne7 13. Be2 O-O 14. O-O f6 15. Nb3 Bc5 16. Na5 Rab8 17. b4 Bb6 18. c4 dxc4 19. Bxc4+ Kh8 20. Rfd1 Rfd8 21. Bf7 Nf8 22. Nc4 Rxd1+ 23. Rxd1 Rd8 24. Rxd8 Bxd8 25. Nd6 Bd7 26. Bc4 Be6 27. Nd2 Bc7 28. Nxb7 Bxc4 29. Nxc4 Nd5 30. f3 Nxb4 31. Be1 Nd5 32. e4 Nb6 33. Nca5 Na4 34. Nc6 Bb6+ 35. Bf2 Nc3 36. Bxb6 axb6 37. Nd6 Ne6 38. Kf2 Nc7 39. Na7 Kg8 40. Ke3 Kf8 41. Kd3 Na4 42. Nac8 g6 43. Kc4 Nb2+ 44. Kc3 Na4+ 45. Kb4 Nc5 46. Nxb6 Nd3+ 47. Kc4 Ne1 48. Nd5 Nxb5 49. Kxb5 Nxg2 50. Nc4 Nh4 51. Nd2 f5 52. Kc5 fxe4 53. fxe4 g5 54. Kd6 Ng6 55. Nf3 g4 56. Nxe5 1-0

[Event "DSOL 2021"]
[Site "Germany"]
[Date "2021.03.25"]
[Round "7.4"]
[White "Dinstuhl, Volkmar"]
[Black "Braehler, Stephan"]
[Result "0-1"]
[WhiteElo "2387"]
[BlackElo "1853"]
[Annotator "TA"]
[PlyCount "74"]
[EventDate "2021.01.18"]
[EventType "team-tourn"]
[EventCountry "GER"]
[SourceTitle "playchess.com"]
[Source "ChessBase"]
[SourceQuality "1"]

1. e4 e5 2. Bc4 Nf6 3. d3 c6 4. Nf3 d5 5. exd5 cxd5 6. Bb3 Bb4+ 7. c3 Bd6 8. O-O O-O 9. Re1 Nc6 10. Bg5 Be6 11. Nbd2 h6 12. Bh4 Rc8 13. Bg3 Qc7 14. h3 Rfe8 15. Rc1 Bf5 16. Nf1 Rcd8 17. Ne3 Be6 18. Nf1 a6 19. N1d2 b5 20. c4 dxc4 21. dxc4 e4 22. Bxd6 Rxd6 23. cxb5 Bxb3 24. Qxb3 axb5 25. Nh2 Rxd2 26. Qxb5 Qf4 27. Rf1 Nd4 28. g3 Qd6 29. Qa4 Ne2+ 30. Kg2 Nxc1 31. Rxc1 Rxf2+ 32. Kxf2 Qd2+ 33. Kg1 Qxc1+ 34. Kg2 Qd2+ 35. Kg1 Rc8 36. Ng4 Rc1+ 37. Qd1 Rxd1# 0-1

[Event "DSOL 2021"]
[Site "Germany"]
[Date "2021.03.23"]
[Round "7.4"]
[White "Malek, Daniel"]
[Black "Lawrenz, Denny"]
[Result "0-1"]
[WhiteElo "2348"]
[BlackElo "1972"]
[Annotator "TA"]
[PlyCount "78"]
[EventDate "2021.01.18"]
[EventType "team-tourn"]
[EventCountry "GER"]
[SourceTitle "playchess.com"]
[Source "ChessBase"]
[SourceQuality "1"]

1. d4 Nf6 2. c4 g6 3. f3 d5 4. cxd5 Nxd5 5. e4 Nb6 6. Nc3 Bg7 7. Be3 O-O 8. Qd2 Nc6 9. O-O-O Qd6 10. Kb1 Re8 11. h4 Rd8 12. Nb5 Qd7 13. d5 a6 14. Nc3 Ne5 15. Qc1 h5 16. g4 hxg4 17. f4 Nec4 18. Bd4 e5 19. dxe6 Qxe6 20. Bxg7 Rxd1 21. Qxd1 Kxg7 22. h5 Qd6 23. Qxd6 Nxd6 24. hxg6 Kxg6 25. Bd3 f5 26. e5 Ndc4 27. Rh4 Ne3 28. Kc1 Be6 29. Kd2 Nbc4+ 30. Ke2 Kg7 31. Rh5 Rd8 32. Rg5+ Kh6 33. b3 Nb2 34. Bb1 Ng2 35. Rxf5 Bxf5 36. Bxf5 Nxf4+ 37. Ke3 Kg5 38. Be4 Nd1+ 39. Nxd1 Rxd1 0-1

[Event "DSOL 2021"]
[Site "Germany"]
[Date "2021.03.22"]
[Round "7.4"]
[White "Mueller, Klaus"]
[Black "Prange, Dieter"]
[Result "1/2-1/2"]
[WhiteElo "2320"]
[BlackElo "2081"]
[Annotator "TA"]
[PlyCount "63"]
[EventDate "2021.01.18"]
[EventType "team-tourn"]
[EventCountry "GER"]
[SourceTitle "playchess.com"]
[Source "ChessBase"]
[SourceQuality "1"]

1. d4 Nf6 2. Nf3 g6 3. e3 Bg7 4. Bd3 d6 5. O-O Nc6 6. c3 O-O 7. Qc2 e5 8. Nbd2 Qe7 9. dxe5 dxe5 10. e4 Nh5 11. Rd1 Nf4 12. Nf1 Bg4 13. Bxf4 exf4 14. N1d2 Ne5 15. Be2 Rad8 16. h3 Be6 17. Nxe5 Bxe5 18. Nf3 Bg7 19. Rxd8 Rxd8 20. a3 g5 21. Nh2 c5 22. Rd1 a6 23. a4 c4 24. Bg4 Rd6 25. Rxd6 Qxd6 26. Bxe6 fxe6 27. Kf1 b5 28. axb5 axb5 29. Ke2 b4 30. Nf3 Bf6 31. cxb4 Qxb4 32. Nd2 1/2-1/2

[Event "DSOL 2021"]
[Site "Germany"]
[Date "2021.03.26"]
[Round "7.4"]
[White "Schulze, Lara"]
[Black "Schaefer, Sven"]
[Result "1-0"]
[WhiteElo "2285"]
[BlackElo "1987"]
[Annotator "RC"]
[PlyCount "83"]
[EventDate "2021.01.18"]
[EventType "team-tourn"]
[EventCountry "GER"]
[SourceTitle "playchess.com"]
[Source "ChessBase"]
[SourceQuality "1"]
[WhiteTeam "SV Werder Bremen II"]
[BlackTeam "SK Dessau I"]

1. e4 c5 2. Nf3 d6 3. d4 cxd4 4. Nxd4 Nf6 5. Nc3 g6 6. Be3 Bg7 7. f3 O-O 8. Qd2 Nc6 9. O-O-O d5 10. exd5 Nxd5 11. Nxc6 bxc6 12. Bd4 Bxd4 13. Qxd4 Qb6 14. Na4 Qa5 15. b3 Be6 16. h4 Rfd8 17. Qe5 Qb4 18. h5 Qa3+ 19. Qb2 Qxb2+ 20. Kxb2 Bf5 21. g4 Bxc2 22. Rxd5 Rxd5 23. Kxc2 Rad8 24. hxg6 Rd2+ 25. Kc3 hxg6 26. Bc4 Rxa2 27. Re1 e6 28. Kb4 Rd4 29. Kc5 Rf4 30. Re3 Kg7 31. Nc3 Ra5+ 32. Kxc6 Rd4 33. Nb5 Rd2 34. Rd3 Rxd3 35. Bxd3 Ra1 36. Kb7 a5 37. Nc3 a4 38. Nxa4 f5 39. Nc5 Kf6 40. b4 Ra3 41. b5 e5 42. Kc6 1-0